|
|
|
|
| LEADER |
02655nam a22004815i 4500 |
| 001 |
978-3-319-15820-4 |
| 003 |
DE-He213 |
| 005 |
20151204191557.0 |
| 007 |
cr nn 008mamaa |
| 008 |
150609s2015 gw | s |||| 0|eng d |
| 020 |
|
|
|a 9783319158204
|9 978-3-319-15820-4
|
| 024 |
7 |
|
|a 10.1007/978-3-319-15820-4
|2 doi
|
| 040 |
|
|
|d GrThAP
|
| 050 |
|
4 |
|a RB127
|
| 050 |
|
4 |
|a RD78.3-87.3
|
| 072 |
|
7 |
|a MMBP
|2 bicssc
|
| 072 |
|
7 |
|a MED093000
|2 bisacsh
|
| 082 |
0 |
4 |
|a 616.0472
|2 23
|
| 245 |
1 |
0 |
|a Fibromyalgia
|h [electronic resource] :
|b Clinical Guidelines and Treatments /
|c edited by Erin Lawson, MD, Mark S. Wallace, MD.
|
| 264 |
|
1 |
|a Cham :
|b Springer International Publishing :
|b Imprint: Springer,
|c 2015.
|
| 300 |
|
|
|a X, 193 p. 6 illus., 5 illus. in color.
|b online resource.
|
| 336 |
|
|
|a text
|b txt
|2 rdacontent
|
| 337 |
|
|
|a computer
|b c
|2 rdamedia
|
| 338 |
|
|
|a online resource
|b cr
|2 rdacarrier
|
| 347 |
|
|
|a text file
|b PDF
|2 rda
|
| 505 |
0 |
|
|a Preface -- The Epidemiology and Prevalence of Fibromyalgia -- Fibromyalgia Diagnosis -- Etiology -- Prognosis -- Lifestyle Modification and Fibromyalgia -- Psychological Treatment for Fibromyalgia -- Medications -- Adjuvant Treatments for Fibromyalgia -- Utilizing Clinical Treatments with a Limited Evidence Base -- Treatment of Special Groups: Children, Pregnant, Elderly and Mentally-disabled -- Emerging Developments -- Nutrition.
|
| 520 |
|
|
|a This practical text provides a clinical overview of the etiology, diagnosis and treatment for fibromyalgia. Current evidence-based treatments and guidelines are emphasized along with lifestyle modification suggestions for the patient. Also included is a review of current literature, research and emerging developments on this prevalent pain syndrome. A range of healthcare specialties, including pain management, rheumatology, neurology, internal medicine and family practice, will find this comprehensive guide to be a valuable resource to their routine treatment of fibromyalgia and improve patient's quality of life. .
|
| 650 |
|
0 |
|a Medicine.
|
| 650 |
|
0 |
|a General practice (Medicine).
|
| 650 |
|
0 |
|a Neurology.
|
| 650 |
|
0 |
|a Pain medicine.
|
| 650 |
1 |
4 |
|a Medicine & Public Health.
|
| 650 |
2 |
4 |
|a Pain Medicine.
|
| 650 |
2 |
4 |
|a Neurology.
|
| 650 |
2 |
4 |
|a General Practice / Family Medicine.
|
| 700 |
1 |
|
|a Lawson, MD, Erin.
|e editor.
|
| 700 |
1 |
|
|a Wallace, MD, Mark S.
|e editor.
|
| 710 |
2 |
|
|a SpringerLink (Online service)
|
| 773 |
0 |
|
|t Springer eBooks
|
| 776 |
0 |
8 |
|i Printed edition:
|z 9783319158198
|
| 856 |
4 |
0 |
|u http://dx.doi.org/10.1007/978-3-319-15820-4
|z Full Text via HEAL-Link
|
| 912 |
|
|
|a ZDB-2-SME
|
| 950 |
|
|
|a Medicine (Springer-11650)
|